10,000 Receiving Yards, One Team Quiz Stats

Quiz Updated Jan 4, 2018

Challenge
Share
Tweet
Embed
Score 0/26 Timer 06:00
7 Plays Today
Team Player % Correct
49ersJerry Rice
97.2%
LionsCalvin Johnson
95.5%
TexansAndre Johnson
95.1%
BengalsChad Johnson
94.8%
CardinalsLarry Fitzgerald
91.4%
PanthersSteve Smith, Sr.
90.8%
ColtsMarvin Harrison
90.8%
JaguarsJimmy Smith
89.8%
BroncosRod Smith
89.8%
ColtsReggie Wayne
87.6%
SteelersHines Ward
84.8%
CowboysMichael Irvin
84.3%
RamsTorry Holt
82.7%
Team Player % Correct
FalconsRoddy White
80.5%
ChargersAntonio Gates
80.2%
RamsIsaac Bruce
79.6%
CowboysJason Witten
79.5%
VikingsCris Carter
79%
ChiefsTony Gonzalez
77.3%
RaidersTim Brown
76.9%
PackersDonald Driver
66.4%
SeahawksSteve Largent
62.9%
BillsAndre Reed
62%
RedskinsArt Monk
48.1%
JetsDon Maynard
22.7%
PatriotsStanley Morgan
15.8%

You're not logged in!

Compare scores with friends on all Sporcle quizzes.
Join for Free
OR
Log In

You Might Also Like...

Show Comments

Extras

Top Quizzes Today


Score Distribution

Your Account Isn't Verified!

In order to create a playlist on Sporcle, you need to verify the email address you used during registration. Go to your Sporcle Settings to finish the process.

Report this User

Report this user for behavior that violates our Community Guidelines.

Details: